000 00666nam a2200253Ia 4500
003 OSt
005 20220918211734.0
006 a|||||r|||| 00| 0
007 ta
008 220917b |||||||| |||| 00| 0 eng d
024 _a125,424
037 _cTextual
040 _aARTS
_cARTS
_beng
041 _2eng
_aeng
082 _aW:91, K8;L8
100 _aDeutsch Karl W
245 0 _aAnalysis of international relations
250 _a2nd
260 _aEnglewood
_bCliffs Prentice Hall
_c1978
300 _aviii,312p. illus
_ccm.
650 _aPOLITICAL SCIENCE
942 _hW:91, K8;L8
_cTEXL
_2CC
999 _c248572
_d248572